Vysvetliteľná klasifikácia kategórií malvéru

Gespeichert in:
Bibliographische Detailangaben
1. Verfasser: Bojda, Viktor (Verfasst von)
Weitere Verfasser: Švec, Peter (Betreuung Doktorarbeit)
Format: Manuskript Buch
Sprache:Slowakisch
Veröffentlicht: 2025
Schlagworte:
Online-Zugang:http://is.stuba.sk/zp/portal_zp.pl?podrobnosti=184368
Tags: Tag hinzufügen
Keine Tags, Fügen Sie das erste Tag hinzu!

MARC

LEADER 00000ntm a22000003a 4500
001 stuzp103389
003 SK-STU
005 20250614212001.4
007 ta
008 150427s2015----xo-----f-mn---000-0-slo-d
040 |a STU  |b slo 
041 0 |a slo 
100 1 |a Bojda, Viktor  |u 035000  |4 aut  |U FEI Fakulta elektrotechniky a informatiky  |T FEI Ústav informatiky a matematiky  |X 111186  |U E050  |Y 816  |7 111186 
242 0 1 |a Explainable Classification of Malware Categories  |y eng 
245 1 0 |a Vysvetliteľná klasifikácia kategórií malvéru 
260 |c 2025 
650 4 |a explainability methods  |2 eng 
650 4 |a XAI  |2 eng 
650 4 |a multilayer perceptron  |2 eng 
650 4 |a XGBoost  |2 eng 
650 4 |a counterfactual explanations  |2 eng 
650 4 |a Anchors  |2 eng 
650 4 |a SHAP  |2 eng 
650 4 |a random forest  |2 eng 
650 4 |a machine learning  |2 eng 
650 4 |a malware classification  |2 eng 
650 4 |a kontrafaktuálne vysvetlenia  |2 slo 
650 4 |a Anchors  |2 slo 
650 4 |a SHAP  |2 slo 
650 4 |a vysvetľovacie metódy  |2 slo 
650 4 |a XAI  |2 slo 
650 4 |a viacvrstvový perceptrón  |2 slo 
650 4 |a XGBoost  |2 slo 
650 4 |a náhodný les  |2 slo 
650 4 |a strojové učenie  |2 slo 
650 4 |a klasifikácia malvéru  |2 slo 
700 1 |a Švec, Peter  |u 035000  |k Z8  |4 ths  |U FEI Fakulta elektrotechniky a informatiky  |T FEI Ústav informatiky a matematiky  |X 8381  |U E050  |Y 816  |7 8381 
856 4 |u http://is.stuba.sk/zp/portal_zp.pl?podrobnosti=184368